| 000 | 00966cam a2200313 i 4500 | ||
|---|---|---|---|
| 999 |
_c4641 _d4641 |
||
| 001 | 801567 | ||
| 003 | OSt | ||
| 005 | 20220325101501.0 | ||
| 008 | 760206s1977 paua b 001 0 eng | ||
| 010 | _a 75044605 | ||
| 020 | _a0721657737 | ||
| 040 |
_aDLC _cDLC _dDLC |
||
| 050 | 0 | 0 |
_aQP303 _b.W58 1977 |
| 082 | 0 | 0 | _a612/.76 |
| 100 | 1 |
_aWilliams, Marian, _d1916-1963. |
|
| 240 | 1 | 0 | _aBiomechanics of human motion |
| 245 | 1 | 0 |
_aWilliams and Lissner Biomechanics of human motion / _cBarney LeVeau. |
| 250 | _a2d ed. | ||
| 260 |
_aPhiladelphia : _bSaunders, _c1977. |
||
| 300 |
_aix, 230 p. : _bill. ; _c27 cm. |
||
| 504 | _aIncludes bibliographies and index. | ||
| 650 | 0 | _aHuman locomotion. | |
| 650 | 0 | _aHuman mechanics. | |
| 700 | 1 |
_aLissner, Herbert R., _ejoint author. |
|
| 700 | 1 |
_aLeVeau, Barney F. _q(Barney Francis), _d1939- |
|
| 740 | 0 | _aBiomechanics of human motion. | |
| 906 |
_a7 _bcbc _corignew _d1 _eocip _f19 _gy-gencatlg |
||
| 942 |
_2lcc _cBK _nDO |
||